[Event "19th European Teams"]
[Site "Warsaw POL"]
[Date "2013.11.09"]
[Round "2.10"]
[White "Mamedov, Rauf"]
[Black "Petkov, Vladimir"]
[Result "1-0"]
[WhiteElo "2647"]
[BlackElo "2570"]
[PlyCount "87"]
[EventDate "2013.11.08"]
[WhiteTeam "AZERBAIJAN"]
[BlackTeam "BULGARIA"]
[WhiteTeamCountry "AZE"]
[BlackTeamCountry "BUL"]

1. e4 c5 2. Nf3 d6 3. Bb5+ Nd7 4. O-O Ngf6 5. Re1 a6 6. Bf1 g6 7. c3 Bg7 8. d4
O-O 9. e5 Ne8 10. Bg5 dxe5 11. dxe5 Nc7 12. Nbd2 Ne6 13. Bh4 Re8 14. a4 Qc7 15.
Bg3 b6 16. Bc4 Ndf8 17. Ne4 Bb7 18. Nf6+ exf6 19. exf6 Qc6 20. fxg7 Kxg7 21.
Qd6 Qxd6 22. Bxd6 Rad8 23. Rad1 Bc6 24. b3 b5 25. axb5 Bxb5 26. Ne5 f6 27. Bxb5
axb5 28. Nc6 Ra8 29. b4 cxb4 30. Bxb4 Kf7 31. g3 g5 32. Kf1 g4 33. Rd5 Nc7 34.
Rd4 h5 35. Red1 Ra2 36. R4d2 Rxd2 37. Rxd2 Re4 38. Rd8 Re8 39. Rd6 Nfe6 40.
Rd7+ Kg6 41. Ne7+ Kh6 42. Ba3 Rd8 43. Nf5+ Kg5 44. Nh4 1-0

[Event "19th European Teams"]
[Site "Warsaw POL"]
[Date "2013.11.09"]
[Round "2.11"]
[White "Berg, Emanuel"]
[Black "Illescas Cordoba, Miguel"]
[Result "1/2-1/2"]
[WhiteElo "2547"]
[BlackElo "2614"]
[PlyCount "108"]
[EventDate "2013.11.08"]
[WhiteTeam "SWEDEN"]
[BlackTeam "SPAIN"]
[WhiteTeamCountry "SWE"]
[BlackTeamCountry "ESP"]

1. e4 Nf6 2. e5 Nd5 3. d4 d6 4. c4 Nb6 5. exd6 exd6 6. d5 Be7 7. Bd3 Na6 8. h3
O-O 9. Ne2 Nc5 10. O-O Bf6 11. Nbc3 Re8 12. Be3 Be5 13. Qd2 Nxd3 14. Qxd3 Qh4
15. Bxb6 axb6 16. Nb5 Qd8 17. Ned4 Bd7 18. f4 Bf6 19. Nc3 Qe7 20. Rf3 c5 21.
Nde2 Ra5 22. Raf1 g6 23. b3 Bg7 24. a4 Raa8 25. Kh1 f5 26. Qd2 Qf6 27. Re3 Rxe3
28. Qxe3 Re8 29. Qd2 Qe7 30. Rf3 h6 31. Rg3 Kf7 32. Kg1 Bf6 33. Kf1 g5 34. Nd1
Qe4 35. Re3 Qb1 36. Qd3 Qa1 37. Rxe8 Kxe8 38. Kf2 Be7 39. Ne3 Qf6 40. Qc3 gxf4
41. Nc2 Qe5 42. Qf3 Bg5 43. Ne1 Qb2 44. Kf1 Ke7 45. Qc3 Qb1 46. Ng1 Kd8 47.
Ngf3 Kc7 48. Qc2 Qa1 49. Qd2 Qa3 50. Qc2 Qa1 51. Qd2 Qb1 52. Qd3 Qc1 53. Qd2
Qb1 54. Qc2 Qa1 1/2-1/2

[Event "19th European Teams"]
[Site "Warsaw POL"]
[Date "2013.11.09"]
[Round "2.11"]
[White "Korneev, Oleg"]
[Black "Carlsson, Pontus"]
[Result "1-0"]
[WhiteElo "2637"]
[BlackElo "2499"]
[PlyCount "103"]
[EventDate "2013.11.08"]
[WhiteTeam "SPAIN"]
[BlackTeam "SWEDEN"]
[WhiteTeamCountry "ESP"]
[BlackTeamCountry "SWE"]

1. e4 c6 2. d4 d5 3. Nc3 dxe4 4. Nxe4 Bf5 5. Ng3 Bg6 6. h4 h6 7. Nf3 Nd7 8. h5
Bh7 9. Bd3 Bxd3 10. Qxd3 e6 11. Bd2 Ngf6 12. O-O-O Be7 13. Ne4 Nxe4 14. Qxe4
Nf6 15. Qe2 Qd5 16. c4 Qe4 17. Qxe4 Nxe4 18. Be3 Nd6 19. Ne5 Bf6 20. b3 Nf5 21.
Kc2 c5 22. Nf3 cxd4 23. Nxd4 Nxe3+ 24. fxe3 Rc8 25. e4 Rc5 26. Nf3 b5 27. Rd6
O-O 28. Ra6 Rb8 29. a3 Rb7 30. g4 Be7 31. Rd1 bxc4 32. b4 Rcc7 33. Kc3 Rb5 34.
e5 f6 35. Rd4 fxe5 36. Rxc4 Rd7 37. Rxe6 a5 38. Nxe5 axb4+ 39. axb4 Rxe5 40.
Rxe5 Bf6 41. Rcc5 g6 42. Kc4 Bxe5 43. Rxe5 Kf7 44. b5 Rd1 45. b6 Rc1+ 46. Kb5
Kf6 47. Rc5 Rb1+ 48. Kc6 gxh5 49. gxh5 Ke7 50. b7 Kd8 51. Rd5+ Ke7 52. Rb5 1-0

[Event "19th European Teams"]
[Site "Warsaw POL"]
[Date "2013.11.09"]
[Round "2.15"]
[White "Pancevski, Filip"]
[Black "Duda, Jan-Krzysztof"]
[Result "0-1"]
[WhiteElo "2478"]
[BlackElo "2542"]
[PlyCount "108"]
[EventDate "2013.11.08"]
[WhiteTeam "MACEDONIA"]
[BlackTeam "POLAND FUTURES"]
[WhiteTeamCountry "MKD"]

1. e4 c5 2. Nf3 d6 3. Bb5+ Nd7 4. c3 Ngf6 5. Qe2 a6 6. Ba4 e6 7. O-O Be7 8. d4
b5 9. Bc2 Bb7 10. Re1 cxd4 11. cxd4 Rc8 12. a3 O-O 13. Nc3 Nb6 14. Bd3 Qc7 15.
h3 Nfd7 16. a4 b4 17. Nb1 a5 18. Nbd2 Qb8 19. Nb3 Qa8 20. Bf4 h6 21. Nfd2 Rfd8
22. Bg3 Nf6 23. Bh4 Rd7 24. Qe3 Nxe4 25. d5 Bxh4 26. Qxe4 Bxf2+ 27. Kxf2 Nxd5
28. Qh7+ Kf8 29. Bb5 Nf6 30. Qd3 Rdd8 31. g4 Nd5 32. Nc4 Nf4 33. Qg3 g5 34.
Rad1 Bg2 35. h4 Nh3+ 36. Ke2 Rxc4 37. Bxc4 Qe4+ 38. Kd2 Qxc4 39. Re3 Nf4 40.
Ke1 Ba8 41. Kf2 Kg7 42. Rd4 Qc2+ 43. Rd2 Qg6 44. Nxa5 Qf6 45. Kg1 d5 46. Kh2 d4
47. Re1 e5 48. Nc4 e4 49. Red1 e3 50. Nxe3 dxe3 51. Rxd8 Qxb2+ 52. R1d2 exd2
53. Qf2 Bd5 54. hxg5 hxg5 0-1

[Event "19th European Teams"]
[Site "Warsaw POL"]
[Date "2013.11.12"]
[Round "5.10"]
[White "Heberla, Bartlomiej"]
[Black "Sokolov, Ivan"]
[Result "0-1"]
[WhiteElo "2556"]
[BlackElo "2625"]
[PlyCount "217"]
[EventDate "2013.11.08"]
[WhiteTeam "POLAND GOLDIES"]
[BlackTeam "NETHERLANDS"]
[BlackTeamCountry "NED"]

1. c4 e5 2. Nc3 Bb4 3. Nd5 Bc5 4. Nf3 c6 5. Nc3 d6 6. d4 exd4 7. Nxd4 Nf6 8.
Nb3 Bb4 9. Bg5 Nbd7 10. Qc2 h6 11. Bh4 O-O 12. e3 Re8 13. a3 Bxc3+ 14. Qxc3 g5
15. Bg3 Ne4 16. Qc2 Ndc5 17. Bd3 Nxd3+ 18. Qxd3 Bf5 19. Qd1 Qb6 20. O-O Rad8
21. Nd4 Bg6 22. Qc1 d5 23. cxd5 Rxd5 24. f3 Nxg3 25. hxg3 Rde5 26. b4 Rxe3 27.
Qc5 Qxc5 28. bxc5 Rd8 29. Rfd1 Rc3 30. Kh2 Rxc5 31. Nxc6 Re8 32. Nb4 a5 33. Nd5
Kg7 34. Rac1 Rec8 35. Rxc5 Rxc5 36. g4 b5 37. Kg3 f5 38. gxf5 Bxf5 39. Ne3 Be6
40. Rd6 Kf7 41. Rb6 h5 42. f4 Rc3 43. Kf3 gxf4 44. Kxf4 Rc5 45. Rb7+ Kf6 46.
Ke4 a4 47. Kd4 Rg5 48. Ke4 Bb3 49. Rb6+ Be6 50. Rb7 Bb3 51. Rb6+ Ke7 52. Nf5+
Kd7 53. Rxb5 Rxg2 54. Nd4 Rg4+ 55. Ke5 Kc7 56. Rc5+ Kb6 57. Rb5+ Ka6 58. Rb8
Rg3 59. Nc6 Rg6 60. Nd4 Ka7 61. Rb5 Rb6 62. Kf4 Bd1 63. Rd5 Ka6 64. Rd8 Rg6 65.
Rb8 Rf6+ 66. Ke5 Rb6 67. Ra8+ Kb7 68. Rh8 Rg6 69. Kd5 Rg3 70. Rh7+ Kc8 71. Kd6
Rd3 72. Kc5 Rxa3 73. Nb5 Rg3 74. Kc6 Bf3+ 75. Kd6 Rg6+ 76. Kc5 Kd8 77. Nd4 Rg5+
78. Kc4 Bg4 79. Kb4 Bd7 80. Ne2 Rg4+ 81. Ka3 h4 82. Nc3 Rd4 83. Ne2 Rc4 84. Kb2
Rc2+ 85. Ka3 Rxe2 86. Rxh4 Re3+ 87. Ka2 Kc7 88. Rh1 Kb6 89. Rh5 Bb5 90. Rg5
Bc4+ 91. Ka1 Re2 92. Rh5 Kc6 93. Rg5 Bd5 94. Rg4 Kb5 95. Rg1 Kb4 96. Rb1+ Bb3
97. Rc1 Bc2 98. Kb2 Be4+ 99. Ka1 Re3 100. Kb2 Rb3+ 101. Ka1 Ra3+ 102. Kb2 Bd5
103. Rd1 Bc4 104. Rc1 Ra2+ 105. Kb1 Rd2 106. Ka1 Bd3 107. Rc8 Rd1+ 108. Ka2
Rd2+ 109. Ka1 0-1